000 00430ntaaa2200169 4500
003 01
005 20251027201028.0
008 0714s1973 ag 01
040 _aAR-BaBN
_bspa
_cAR-BaBN
_eaacr
_dRIC
082 _a150.13 D85
100 _aDubois, Philip H.
_97547
245 _aAn introduction to psychological statistics /
_cPhilip H. DuBois
250 _a1 ed.
300 _axi, 530 p.
650 _aPsicologĂ­a
_92648
942 _cBK
999 _c4409
_d4409